[Event "Bhopal GM Open 2019"]
[Site "Bhopal"]
[Date "2019.12.22"]
[Round "3.14"]
[White "Phatak Aanjaneya"]
[Black "Pranav Vijay"]
[Result "1-0"]
[WhiteElo "1776"]
[BlackElo "2265"]
[Annotator "NA"]
[PlyCount "245"]
[EventDate "2019.12.21"]
[EventType "swiss"]
[EventCountry "IND"]
[SourceTitle "playchess.com"]
[Source "ChessBase"]
[SourceQuality "1"]
[TimeControl "5400+30"]

1. e4 {[%emt 0:00:59]} c5 {[%emt 0:00:21]} 2. Nf3 {[%emt 0:00:17]} Nc6 {[%emt 0:00:09]} 3. d4 {[%emt 0:00:06]} cxd4 {[%emt 0:00:06]} 4. Nxd4 {[%emt 0:00:06]} Nf6 {[%emt 0:00:07]} 5. Nc3 {[%emt 0:00:07]} e5 {[%emt 0:00:19]} 6. Ndb5 {[%emt 0:00:13]} d6 {[%emt 0:00:10]} 7. Bg5 {[%emt 0:00:12]} a6 {[%emt 0:00:07]} 8. Na3 {[%emt 0:00:07]} b5 {[%emt 0:00:06]} 9. Bxf6 {[%emt 0:00:12]} gxf6 {[%emt 0:00:09]} 10. Nd5 {[%emt 0:00:07]} f5 {[%emt 0:00:07]} 11. Bd3 {[%emt 0:00:09]} Be6 {[%emt 0:00:57]} 12. c3 {[%emt 0:00:28]} Bxd5 {[%emt 0:03:02]} 13. exd5 {[%emt 0:00:58]} Ne7 {[%emt 0:00:07]} 14. Nxb5 {[%emt 0:06:12]} Bg7 {[%emt 0:00:40]} 15. Na3 {[%emt 0:01:01]} O-O {[%emt 0:00:44]} 16. O-O {[%emt 0:02:07]} e4 {[%emt 0:00:39]} 17. Bc2 {[%emt 0:01:54]} Ng6 {[%emt 0:00:13]} 18. Qh5 {[%emt 0:15:18]} Qf6 {[%emt 0:05:57]} 19. f4 {[%emt 0:02:21]} Rab8 {[%emt 0:02:03]} 20. Nc4 {[%emt 0:01:50]} Rfc8 {[%emt 0:05:38]} 21. Bb3 {[%emt 0:00:30]} Rxc4 {[%emt 0:13:58]} 22. Bxc4 {[%emt 0:00:08]} Rxb2 {[%emt 0:00:06]} 23. Rac1 {[%emt 0:01:25]} Qd8 {[%emt 0:00:08]} 24. Qd1 {[%emt 0:21:42]} Rb8 {[%emt 0:14:05]} 25. Qe2 {[%emt 0:00:30]} a5 {[%emt 0:01:16]} 26. a4 {[%emt 0:02:15]} Qc8 {[%emt 0:01:44]} 27. Kh1 {[%emt 0:01:02]} h5 {[%emt 0:03:51]} 28. Ba6 {[%emt 0:05:31]} Qc5 {[%emt 0:00:24]} 29. Qc4 {[%emt 0:00:26]} Qb6 {[%emt 0:13:26]} 30. Qc6 {[%emt 0:01:31]} Qb2 {[%emt 0:05:40]} 31. Qxd6 {[%emt 0:03:56]} Bf8 {[%emt 0:00:25]} 32. Qc7 {[%emt 0:01:57]} Bh6 {[%emt 0:06:47]} 33. g3 {[%emt 0:02:47]} Rf8 {[%emt 0:01:41]} 34. d6 {[%emt 0:03:20]} Bg7 {[%emt 0:03:43]} 35. d7 {[%emt 0:04:52]} Bf6 {[%emt 0:00:09]} 36. Qd6 {[%emt 0:00:27]} Be7 {[%emt 0:00:28]} 37. Qd5 {[%emt 0:00:34]} Qb6 {[%emt 0:01:24]} 38. Bb5 {[%emt 0:00:37]} Qf6 {[%emt 0:00:43]} 39. Qd4 {[%emt 0:00:59]} Qe6 {[%emt 0:00:06]} 40. c4 {[%emt 0:01:19]} Bd8 {[%emt 0:01:27]} 41. c5 {[%emt 0:00:40]} Bc7 {[%emt 0:00:11]} 42. c6 {[%emt 0:00:35]} Qe7 {[%emt 0:01:12]} 43. Rb1 {[%emt 0:01:42]} h4 {[%emt 0:00:40]} 44. Bc4 {[%emt 0:00:39]} e3 {[%emt 0:05:05]} 45. Rbe1 {[%emt 0:01:02]} Qb4 {[%emt 0:01:48]} 46. Rxe3 {[%emt 0:00:31]} Bb6 {[%emt 0:01:14]} 47. Qc3 {[%emt 0:04:04]} Qd6 {[%emt 0:02:01]} 48. Ref3 {[%emt 0:00:42]} Kh7 {[%emt 0:03:06]} 49. Bb5 {[%emt 0:00:51]} hxg3 {[%emt 0:01:17]} 50. hxg3 {[%emt 0:00:26]} Rg8 {[%emt 0:00:27]} 51. Qd3 {[%emt 0:03:30]} Qf6 {[%emt 0:00:44]} 52. R3f2 {[%emt 0:01:33]} Kg7 {[%emt 0:00:55]} 53. Rh2 {[%emt 0:00:39]} Ne7 54. Rc1 {[%emt 0:00:41]} Bc7 {[%emt 0:01:47]} 55. Qc3 {[%emt 0:00:09]} Nd5 {[%emt 0:00:33]} 56. Qxf6+ {[%emt 0:00:15]} Nxf6 {[%emt 0:00:04]} 57. Rb1 {[%emt 0:01:40]} Kf8 {[%emt 0:02:02]} 58. Rd2 {[%emt 0:01:06]} Ke7 {[%emt 0:00:44]} 59. Re1+ {[%emt 0:00:15]} Kd8 {[%emt 0:00:07]} 60. Bd3 {[%emt 0:02:29]} Rxg3 {[%emt 0:01:21]} 61. Bxf5 {[%emt 0:00:20]} Rg8 {[%emt 0:00:36]} 62. Rb1 {[%emt 0:01:25]} Nh5 {[%emt 0:00:14]} 63. Rdb2 {[%emt 0:02:10]} Ke7 64. Re2+ {[%emt 0:00:11]} Kd8 {[%emt 0:01:46]} 65. Re8+ {[%emt 0:00:07]} Rxe8 {[%emt 0:00:04]} 66. dxe8=Q+ {[%emt 0:00:05]} Kxe8 {[%emt 0:00:04]} 67. Bd7+ {[%emt 0:00:11]} Ke7 {[%emt 0:00:11]} 68. f5 {[%emt 0:00:15]} Nf6 {[%emt 0:00:04]} 69. Kg2 {[%emt 0:00:37]} Nd5 {[%emt 0:00:41]} 70. Kf3 {[%emt 0:02:02]} Nc3 {[%emt 0:00:13]} 71. Ra1 {[%emt 0:00:02]} Nd5 {[%emt 0:00:44]} 72. Ke4 {[%emt 0:00:18]} Nb6 {[%emt 0:00:25]} 73. Kd4 {[%emt 0:00:50]} Kd6 {[%emt 0:00:05]} 74. Be8 {[%emt 0:00:29]} Bd8 {[%emt 0:00:35]} 75. Ra2 {[%emt 0:00:45]} Bf6+ {[%emt 0:00:11]} 76. Ke4 {[%emt 0:00:11]} Ke7 {[%emt 0:00:05]} 77. Bd7 {[%emt 0:00:55]} Bc3 {[%emt 0:00:32]} 78. Kf4 {[%emt 0:02:45]} Bf6 {[%emt 0:02:55]} 79. Re2+ {[%emt 0:00:21]} Kd6 {[%emt 0:00:52]} 80. Be8 {[%emt 0:00:32]} Nxa4 {[%emt 0:00:19]} 81. Bxf7 {[%emt 0:00:51]} Nc5 {[%emt 0:00:05]} 82. Be8 {[%emt 0:00:45]} a4 {[%emt 0:00:06]} 83. Ra2 {[%emt 0:00:34]} Kc7 84. Kg4 {[%emt 0:00:16]} Be5 {[%emt 0:02:11]} 85. Kg5 {[%emt 0:00:20]} Bd6 {[%emt 0:00:27]} 86. Kg6 {[%emt 0:00:11]} Be7 {[%emt 0:00:32]} 87. f6 {[%emt 0:00:12]} Bd6 {[%emt 0:00:10]} 88. Kg7 {[%emt 0:00:40]} Ne6+ {[%emt 0:00:52]} 89. Kg8 {[%emt 0:00:09]} a3 {[%emt 0:00:03]} 90. f7 {[%emt 0:00:57]} Nf8 {[%emt 0:00:15]} 91. Bd7 {[%emt 0:00:14]} Kd8 {[%emt 0:00:41]} 92. Bf5 {[%emt 0:00:53]} Kc7 {[%emt 0:00:09]} 93. Be4 {[%emt 0:00:21]} Bc5 {[%emt 0:00:48]} 94. Re2 {[%emt 0:00:46]} Ne6 95. Bb1 {[%emt 0:00:48]} Nf8 {[%emt 0:01:06]} 96. Rc2 {[%emt 0:00:41]} Bd6 {[%emt 0:00:16]} 97. Ba2 {[%emt 0:00:05]} Bb4 {[%emt 0:00:53]} 98. Bd5 {[%emt 0:00:13]} Bd6 {[%emt 0:00:42]} 99. Re2 {[%emt 0:00:43]} Ng6 {[%emt 0:00:21]} 100. Kg7 {[%emt 0:00:30]} Nf4 {[%emt 0:00:24]} 101. Rd2 {[%emt 0:00:07]} Nh5+ {[%emt 0:00:08]} 102. Kg6 {[%emt 0:00:55]} Nf4+ {[%emt 0:00:04]} 103. Kf5 {[%emt 0:00:27]} Nh5 {[%emt 0:00:23]} 104. Kg6 {[%emt 0:00:33]} Nf4+ {[%emt 0:00:37]} 105. Kf5 {[%emt 0:00:27]} Nh5 {[%emt 0:00:23]} 106. Bf3 {[%emt 0:00:55]} Ng7+ {[%emt 0:00:51]} 107. Kf6 {[%emt 0:00:12]} Bf8 {[%emt 0:00:02]} 108. Ra2 {[%emt 0:00:31]} Kb6 {[%emt 0:00:44]} 109. Rxa3 {[%emt 0:00:11]} Nh5+ {[%emt 0:00:20]} 110. Bxh5 {[%emt 0:00:07]} Bxa3 {[%emt 0:00:03]} 111. Bf3 {[%emt 0:00:08]} Bf8 {[%emt 0:00:11]} 112. Kg6 {[%emt 0:00:04]} Kc7 {[%emt 0:00:30]} 113. Kh7 {[%emt 0:00:01]} Kd6 114. Kg8 {[%emt 0:00:03]} Ke7 {[%emt 0:00:32]} 115. c7 {[%emt 0:00:04]} Kd7 {[%emt 0:00:03]} 116. Kxf8 {[%emt 0:00:06]} Kxc7 {[%emt 0:00:02]} 117. Ke8 {[%emt 0:00:03]} Kb8 {[%emt 0:00:04]} 118. f8=Q {[%emt 0:00:05]} Ka7 {[%emt 0:00:05]} 119. Qb4 {[%emt 0:00:17]} Ka6 {[%emt 0:00:04]} 120. Be2+ {[%emt 0:00:06]} Ka7 {[%emt 0:00:03]} 121. Kd7 {[%emt 0:00:12]} Ka8 {[%emt 0:00:04]} 122. Kc7 {[%emt 0:00:07]} Ka7 {[%emt 0:00:02]} 123. Qa5# {[%emt 0:00:02]} 1-0

[Event "Bhopal GM Open 2019"]
[Site "Bhopal"]
[Date "2019.12.22"]
[Round "3.15"]
[White "Tiwari Shivansh"]
[Black "Sapaev, Maksad"]
[Result "1-0"]
[WhiteElo "1770"]
[BlackElo "2250"]
[Annotator "NA"]
[PlyCount "91"]
[EventDate "2019.12.21"]
[EventType "swiss"]
[EventCountry "IND"]
[SourceTitle "playchess.com"]
[Source "ChessBase"]
[SourceQuality "1"]
[TimeControl "5400+30"]

1. d4 {[%emt 0:00:00]} Nf6 {[%emt 0:04:42]} 2. Bf4 {[%emt 0:00:00]} c5 {[%emt 0:00:22]} 3. e3 {[%emt 0:00:01]} d5 {[%emt 0:00:34]} 4. c3 {[%emt 0:00:25]} Nc6 {[%emt 0:00:04]} 5. Nd2 {[%emt 0:00:46]} e6 {[%emt 0:00:19]} 6. Ngf3 {[%emt 0:00:12]} Bd6 {[%emt 0:00:06]} 7. Bg3 {[%emt 0:00:18]} O-O {[%emt 0:00:42]} 8. Bd3 {[%emt 0:00:05]} Qe7 {[%emt 0:02:09]} 9. Ne5 {[%emt 0:00:32]} Nd7 {[%emt 0:02:49]} 10. Nxd7 {[%emt 0:01:16]} Bxd7 {[%emt 0:00:14]} 11. Bxd6 {[%emt 0:01:05]} Qxd6 {[%emt 0:00:03]} 12. dxc5 {[%emt 0:00:53]} Qxc5 {[%emt 0:00:08]} 13. Bxh7+ {[%emt 0:01:34]} Kxh7 {[%emt 0:00:50]} 14. Qh5+ {[%emt 0:00:07]} Kg8 {[%emt 0:00:22]} 15. Ne4 {[%emt 0:00:04]} Qc4 {[%emt 0:00:22]} 16. Ng5 {[%emt 0:00:52]} Qd3 {[%emt 0:13:21]} 17. e4 {[%emt 0:00:56]} Qxe4+ {[%emt 0:00:16]} 18. Nxe4 {[%emt 0:00:11]} dxe4 {[%emt 0:00:03]} 19. O-O-O {[%emt 0:00:31]} Rfd8 {[%emt 0:00:16]} 20. Rhe1 {[%emt 0:00:51]} f5 {[%emt 0:00:51]} 21. Re3 {[%emt 0:10:10]} Be8 {[%emt 0:06:39]} 22. Rxd8 {[%emt 0:00:19]} Rxd8 {[%emt 0:00:01]} 23. Qh4 {[%emt 0:00:17]} Rd7 {[%emt 0:00:48]} 24. Rh3 {[%emt 0:03:19]} Bg6 {[%emt 0:01:02]} 25. Qh8+ {[%emt 0:01:31]} Kf7 {[%emt 0:00:02]} 26. Qc8 {[%emt 0:01:33]} Ne5 {[%emt 0:00:15]} 27. Rh8 {[%emt 0:01:38]} Kf6 {[%emt 0:00:21]} 28. Rd8 {[%emt 0:19:42]} Re7 {[%emt 0:02:30]} 29. Kd2 {[%emt 0:17:33]} f4 {[%emt 0:01:03]} 30. b4 {[%emt 0:07:01]} Ng4 {[%emt 0:11:27]} 31. Rf8+ {[%emt 0:06:03]} Bf7 {[%emt 0:00:17]} 32. Ke2 {[%emt 0:00:37]} e3 {[%emt 0:06:33]} 33. fxe3 {[%emt 0:04:56]} Nxe3 {[%emt 0:00:06]} 34. Qb8 {[%emt 0:09:40]} e5 {[%emt 0:10:10]} 35. g3 {[%emt 0:01:12]} g5 {[%emt 0:04:47]} 36. Qxa7 {[%emt 0:04:59]} Kg7 {[%emt 0:01:34]} 37. Rd8 {[%emt 0:03:41]} g4 {[%emt 0:21:06]} 38. Qc5 {[%emt 0:00:44]} Nf5 {[%emt 0:00:17]} 39. Kf2 {[%emt 0:00:47]} f3 {[%emt 0:00:40]} 40. h3 {[%emt 0:02:24]} b6 {[%emt 0:01:46]} 41. Qxb6 {[%emt 0:01:09]} e4 {[%emt 0:04:53]} 42. hxg4 {[%emt 0:00:17]} Nh6 {[%emt 0:00:08]} 43. Qd4+ {[%emt 0:00:28]} Kh7 {[%emt 0:00:02]} 44. Rh8+ {[%emt 0:00:14]} Kg6 {[%emt 0:00:03]} 45. Rxh6+ {[%emt 0:00:04]} Kxh6 {[%emt 0:01:49]} 46. Qf6+ {[%emt 0:00:04]} 1-0

[Event "Bhopal GM Open 2019"]
[Site "Bhopal"]
[Date "2019.12.22"]
[Round "3.16"]
[White "Varun, Vij"]
[Black "Abdullaev, Rasulbek"]
[Result "1-0"]
[WhiteElo "1964"]
[BlackElo "1770"]
[Annotator "NA"]
[PlyCount "91"]
[EventDate "2019.12.21"]
[EventType "swiss"]
[EventCountry "IND"]
[SourceTitle "playchess.com"]
[Source "ChessBase"]
[SourceQuality "1"]
[TimeControl "5400+30"]

1. d4 {[%emt 0:01:55]} Nf6 {[%emt 0:00:00]} 2. Bf4 {[%emt 0:00:06]} d5 {[%emt 0:00:26]} 3. e3 {[%emt 0:00:06]} c5 {[%emt 0:00:14]} 4. dxc5 {[%emt 0:00:05]} Nc6 {[%emt 0:00:30]} 5. Bb5 {[%emt 0:00:02]} Qa5+ {[%emt 0:01:06]} 6. Nc3 {[%emt 0:00:07]} a6 {[%emt 0:00:20]} 7. Bxc6+ {[%emt 0:00:26]} bxc6 {[%emt 0:00:04]} 8. Nf3 {[%emt 0:01:30]} Qxc5 {[%emt 0:00:17]} 9. Ne5 {[%emt 0:02:25]} e6 {[%emt 0:01:17]} 10. O-O {[%emt 0:00:18]} Be7 {[%emt 0:02:12]} 11. Na4 {[%emt 0:00:04]} Qa5 {[%emt 0:03:01]} 12. c4 {[%emt 0:00:06]} Bb7 {[%emt 0:00:33]} 13. b4 {[%emt 0:05:51]} Qd8 {[%emt 0:07:44]} 14. Qd4 {[%emt 0:01:48]} O-O {[%emt 0:00:50]} 15. Nb6 {[%emt 0:00:36]} Bxb4 {[%emt 0:04:38]} 16. c5 {[%emt 0:03:00]} Ba5 {[%emt 0:00:28]} 17. Nxa8 {[%emt 0:03:17]} Qxa8 {[%emt 0:00:10]} 18. Qa4 {[%emt 0:00:42]} Bc3 {[%emt 0:02:24]} 19. Rab1 {[%emt 0:02:33]} Ne4 {[%emt 0:02:21]} 20. Nd7 {[%emt 0:01:31]} Re8 {[%emt 0:00:45]} 21. Qb3 {[%emt 0:00:52]} Bc8 {[%emt 0:01:25]} 22. Nb6 {[%emt 0:01:03]} Qa7 {[%emt 0:01:19]} 23. f3 {[%emt 0:00:05]} Nd2 {[%emt 0:00:35]} 24. Qxc3 {[%emt 0:00:06]} Nxf1 {[%emt 0:00:05]} 25. Rxf1 {[%emt 0:00:04]} f6 {[%emt 0:00:14]} 26. Bd6 {[%emt 0:00:06]} Qf7 {[%emt 0:00:35]} 27. Nxc8 {[%emt 0:00:14]} Rxc8 {[%emt 0:00:04]} 28. Qa5 {[%emt 0:00:05]} h5 {[%emt 0:02:02]} 29. Qxa6 {[%emt 0:00:07]} Qe8 {[%emt 0:00:04]} 30. Rb1 {[%emt 0:00:14]} Kh7 {[%emt 0:00:23]} 31. Qd3+ {[%emt 0:00:10]} Kh6 {[%emt 0:01:26]} 32. Rb7 {[%emt 0:00:25]} e5 {[%emt 0:00:14]} 33. Re7 {[%emt 0:00:40]} Qd8 {[%emt 0:00:22]} 34. Qd2 {[%emt 0:02:10]} Rb8 {[%emt 0:03:34]} 35. e4+ {[%emt 0:00:36]} g5 {[%emt 0:00:27]} 36. h4 {[%emt 0:01:05]} Rb1+ {[%emt 0:03:02]} 37. Kh2 {[%emt 0:00:02]} Qg8 {[%emt 0:05:01]} 38. exd5 {[%emt 0:00:59]} cxd5 {[%emt 0:00:11]} 39. Qc2 {[%emt 0:00:16]} Rb4 {[%emt 0:00:13]} 40. Rh7+ {[%emt 0:00:46]} Qxh7 {[%emt 0:00:18]} 41. Bf8+ {[%emt 0:00:01]} Qg7 {[%emt 0:00:19]} 42. hxg5+ {[%emt 0:00:04]} fxg5 {[%emt 0:00:09]} 43. Bxg7+ {[%emt 0:00:06]} Kxg7 {[%emt 0:00:10]} 44. c6 {[%emt 0:00:02]} Rh4+ {[%emt 0:00:20]} 45. Kg1 {[%emt 0:00:05]} Rc4 {[%emt 0:00:13]} 46. Qxc4 {[%emt 0:00:04]} 1-0

[Event "Bhopal GM Open 2019"]
[Site "Bhopal"]
[Date "2019.12.22"]
[Round "3.17"]
[White "Mohanty Soyamsree"]
[Black "Ziatdinov, Raset"]
[Result "0-1"]
[WhiteElo "1639"]
[BlackElo "2204"]
[Annotator "NA"]
[PlyCount "66"]
[EventDate "2019.12.21"]
[EventType "swiss"]
[EventCountry "IND"]
[SourceTitle "playchess.com"]
[Source "ChessBase"]
[SourceQuality "1"]
[TimeControl "5400+30"]

1. d4 {[%emt 0:00:00]} Nf6 {[%emt 0:01:50]} 2. Nf3 {[%emt 0:00:00]} e6 {[%emt 0:00:11]} 3. g3 {[%emt 0:00:08]} c5 {[%emt 0:00:12]} 4. c3 {[%emt 0:00:14]} Nc6 {[%emt 0:00:29]} 5. Bg2 {[%emt 0:00:07]} d5 {[%emt 0:00:10]} 6. O-O {[%emt 0:00:33]} Be7 {[%emt 0:00:14]} 7. a4 {[%emt 0:00:48]} O-O {[%emt 0:00:13]} 8. Na3 {[%emt 0:00:11]} cxd4 {[%emt 0:02:40]} 9. cxd4 {[%emt 0:03:04]} a6 {[%emt 0:00:09]} 10. Nc2 {[%emt 0:10:53]} Bd7 {[%emt 0:00:13]} 11. Bg5 {[%emt 0:01:37]} Rc8 {[%emt 0:00:29]} 12. Ne3 {[%emt 0:02:05]} Ne4 {[%emt 0:04:40]} 13. Bxe7 {[%emt 0:00:34]} Qxe7 {[%emt 0:00:03]} 14. Qb3 {[%emt 0:02:41]} Rc7 {[%emt 0:02:18]} 15. Rfc1 {[%emt 0:08:35]} Rfc8 {[%emt 0:00:13]} 16. Qb6 {[%emt 0:00:22]} Be8 {[%emt 0:03:34]} 17. Ne1 {[%emt 0:06:45]} Nf6 {[%emt 0:05:48]} 18. Rd1 {[%emt 0:08:05]} Nb4 {[%emt 0:15:35]} 19. Nd3 {[%emt 0:04:42]} Nxd3 {[%emt 0:00:36]} 20. exd3 {[%emt 0:03:27]} Rc6 {[%emt 0:04:09]} 21. Qa5 {[%emt 0:00:35]} Qd6 {[%emt 0:02:21]} 22. Qd2 {[%emt 0:01:04]} Rb6 {[%emt 0:02:53]} 23. g4 {[%emt 0:19:17]} Qf4 {[%emt 0:07:17]} 24. g5 {[%emt 0:01:17]} Nh5 {[%emt 0:00:44]} 25. Rac1 {[%emt 0:04:23]} Rbc6 {[%emt 0:02:28]} 26. Rxc6 {[%emt 0:02:30]} Bxc6 {[%emt 0:00:09]} 27. Qe2 {[%emt 0:05:01]} Qxg5 {[%emt 0:00:43]} 28. b3 {[%emt 0:00:28]} Nf4 {[%emt 0:01:01]} 29. Qg4 {[%emt 0:00:11]} Qxg4 {[%emt 0:01:08]} 30. Nxg4 {[%emt 0:00:06]} Ne2+ {[%emt 0:00:03]} 31. Kf1 {[%emt 0:00:22]} Nxd4 {[%emt 0:00:09]} 32. Rb1 {[%emt 0:00:13]} Be8 {[%emt 0:00:16]} 33. Ne5 {[%emt 0:00:32]} Rc3 {[%emt 0:00:19]} 0-1

[Event "Bhopal GM Open 2019"]
[Site "Bhopal"]
[Date "2019.12.22"]
[Round "3.18"]
[White "Deshmukh, Anup"]
[Black "Shriya R Revankar"]
[Result "1-0"]
[WhiteElo "2168"]
[BlackElo "1736"]
[Annotator "NA"]
[PlyCount "51"]
[EventDate "2019.12.21"]
[EventType "swiss"]
[EventCountry "IND"]
[SourceTitle "playchess.com"]
[Source "ChessBase"]
[SourceQuality "1"]
[TimeControl "5400+30"]

1. c4 {[%emt 0:00:00]} c5 {[%emt 0:00:00]} 2. Nf3 {[%emt 0:00:00]} Nc6 {[%emt 0:00:00]} 3. b3 {[%emt 0:00:14]} Nf6 {[%emt 0:13:55]} 4. Bb2 {[%emt 0:00:18]} e6 {[%emt 0:00:44]} 5. g3 {[%emt 0:02:07]} b6 {[%emt 0:03:01]} 6. Bg2 {[%emt 0:00:18]} Bb7 {[%emt 0:00:07]} 7. O-O {[%emt 0:00:10]} Be7 {[%emt 0:00:31]} 8. d4 {[%emt 0:00:45]} d5 {[%emt 0:01:04]} 9. cxd5 {[%emt 0:00:35]} exd5 {[%emt 0:00:15]} 10. dxc5 {[%emt 0:00:08]} bxc5 {[%emt 0:01:55]} 11. Nc3 {[%emt 0:00:11]} O-O {[%emt 0:00:32]} 12. Rc1 Rc8 {[%emt 0:09:50]} 13. Bh3 {[%emt 0:04:53]} Rc7 {[%emt 0:07:10]} 14. Na4 {[%emt 0:04:05]} Nb8 {[%emt 0:01:45]} 15. Bc3 {[%emt 0:06:06]} Nc6 {[%emt 0:05:07]} 16. Bxf6 {[%emt 0:03:13]} Bxf6 {[%emt 0:00:19]} 17. Nxc5 {[%emt 0:00:51]} Bc8 {[%emt 0:03:21]} 18. Bg2 {[%emt 0:05:42]} Bf5 {[%emt 0:07:58]} 19. Qd2 {[%emt 0:02:55]} Qc8 20. b4 Nxb4 {[%emt 0:05:31]} 21. Qxb4 {[%emt 0:03:00]} Be7 {[%emt 0:00:07]} 22. Nd4 Bxc5 {[%emt 0:05:55]} 23. Rxc5 {[%emt 0:00:38]} Rxc5 {[%emt 0:00:45]} 24. Nxf5 Qc7 25. Bxd5 {[%emt 0:01:51]} Rb8 {[%emt 0:05:18]} 26. Qd4 {[%emt 0:00:39]} 1-0

[Event "Bhopal GM Open 2019"]
[Site "Bhopal"]
[Date "2019.12.22"]
[Round "3.19"]
[White "Madjidov, Jasur"]
[Black "Lund Rachit"]
[Result "1/2-1/2"]
[WhiteElo "2136"]
[BlackElo "1625"]
[Annotator "NA"]
[PlyCount "62"]
[EventDate "2019.12.21"]
[EventType "swiss"]
[EventCountry "IND"]
[SourceTitle "playchess.com"]
[Source "ChessBase"]
[SourceQuality "1"]
[TimeControl "5400+30"]

1. d4 {[%emt 0:04:13]} Nf6 {[%emt 0:00:33]} 2. c4 {[%emt 0:00:10]} e6 {[%emt 0:01:12]} 3. Nc3 {[%emt 0:00:11]} d5 {[%emt 0:00:59]} 4. Bg5 {[%emt 0:00:09]} Be7 {[%emt 0:02:06]} 5. e3 {[%emt 0:00:16]} O-O {[%emt 0:01:17]} 6. Nf3 {[%emt 0:00:07]} Ne4 {[%emt 0:02:46]} 7. Bxe7 {[%emt 0:08:25]} Qxe7 {[%emt 0:01:30]} 8. Qc2 {[%emt 0:03:32]} Nxc3 {[%emt 0:00:48]} 9. bxc3 {[%emt 0:00:33]} dxc4 {[%emt 0:02:03]} 10. Bxc4 {[%emt 0:00:21]} Nd7 {[%emt 0:00:55]} 11. Bd3 {[%emt 0:04:54]} h6 {[%emt 0:02:28]} 12. O-O {[%emt 0:01:06]} c5 {[%emt 0:02:29]} 13. e4 {[%emt 0:09:38]} e5 {[%emt 0:11:26]} 14. Nxe5 {[%emt 0:20:57]} Nxe5 {[%emt 0:13:15]} 15. dxe5 {[%emt 0:00:09]} Qxe5 {[%emt 0:01:35]} 16. f4 {[%emt 0:00:08]} Qc7 {[%emt 0:00:23]} 17. Qe2 {[%emt 0:03:42]} Bd7 {[%emt 0:28:41]} 18. e5 {[%emt 0:03:14]} c4 {[%emt 0:01:01]} 19. Bxc4 {[%emt 0:17:58]} Rac8 {[%emt 0:01:55]} 20. Bb3 {[%emt 0:04:06]} Qc5+ {[%emt 0:05:31]} 21. Qf2 {[%emt 0:00:48]} Qxf2+ {[%emt 0:03:29]} 22. Rxf2 {[%emt 0:06:43]} Rxc3 {[%emt 0:00:25]} 23. f5 {[%emt 0:01:31]} Re3 {[%emt 0:00:51]} 24. Rd1 {[%emt 0:02:51]} Bc8 {[%emt 0:00:17]} 25. e6 {[%emt 0:03:17]} fxe6 {[%emt 0:00:33]} 26. fxe6 {[%emt 0:01:35]} Bxe6 {[%emt 0:00:17]} 27. Rxf8+ {[%emt 0:00:26]} Kxf8 {[%emt 0:00:04]} 28. Rd8+ {[%emt 0:00:07]} Ke7 {[%emt 0:02:06]} 29. Rb8 {[%emt 0:00:06]} Bxb3 {[%emt 0:11:11]} 30. Rxb7+ {[%emt 0:00:06]} Kf6 {[%emt 0:00:42]} 31. axb3 Ke5 1/2-1/2

[Event "Bhopal GM Open 2019"]
[Site "Bhopal"]
[Date "2019.12.23"]
[Round "4.1"]
[White "Abdisalimov, Abdimalik"]
[Black "Yakubboev, Nodirbek"]
[Result "1/2-1/2"]
[WhiteElo "2394"]
[BlackElo "2592"]
[Annotator "TA"]
[PlyCount "51"]
[EventDate "2019.12.21"]
[EventType "swiss"]
[EventCountry "IND"]
[SourceTitle "playchess.com"]
[Source "ChessBase"]
[SourceQuality "1"]

{[%evp 21,51,23,86,26,30,22,29,31,22,18,15,25,35,20,49,54,57,48,60,65,57,42,54,28,31,8,121,7,83,25,30,0]} 1. e4 c5 2. Nf3 Nc6 3. Nc3 Nf6 4. d4 cxd4 5. Nxd4 e5 6. Ndb5 d6 7. Bg5 a6 8. Na3 Be6 9. Nc4 Rc8 10. Bxf6 gxf6 11. Ne3 Ne7 (11... Bh6 $11) 12. Ncd5 {B33: Sicilian: Pelikan and Sveshnikov Variations} (12. Bd3 $16) 12... Bxd5 $11 13. Nxd5 Nxd5 14. Qxd5 Rxc2 {[#] ...Qb6! is the strong threat.} 15. Bc4 {[%csl Gc4][%cal Rd5f7]} ({But not} 15. Qxb7 $2 Qa5+ 16. b4 Qa3 $19) 15... Qc7 16. Bb3 $1 $40 {[%cal Rb3a4][%mdl 128] And now Ba4+ would win. White has some attack.} Rc5 17. Qd1 $146 {[%mdl 1024] White has compensation.} ({Predecessor:} 17. Qd2 h5 18. O-O Bh6 {½-½ (40) Velimirovic,D (2500)-Matulovic,M (2460) Vinkovci 1982}) 17... Qc6 18. Bd5 Qb5 19. Qd2 h5 20. a4 Qd7 21. O-O Bh6 22. Qb4 O-O 23. Ra3 f5 (23... h4 $11 {keeps the balance.}) 24. Rf3 ({Better is} 24. Rh3 $16) 24... Kg7 (24... h4 $11) 25. Rd1 (25. Rg3+ $16 Kf6 26. Rh3) 25... a5 26. Qxb7 {Accuracy: White = 33%, Black = 54%.} 1/2-1/2